Tarīk̲h̲-i mak̲h̲zan-i Panjāb / (Record no. 331076)

000 -LEADER
fixed length control field 01028nam a2200289 a 4500
001 - CONTROL NUMBER
control field 1195710
003 - CONTROL NUMBER IDENTIFIER
control field NUST
005 - DATE AND TIME OF LATEST TRANSACTION
control field 20170830154426.0
008 - FIXED-LENGTH DATA ELEMENTS--GENERAL INFORMATION
fixed length control field 980305s1996 pk 000 0 urdo
010 ## - LIBRARY OF CONGRESS CONTROL NUMBER
LC control number 97930295
025 ## - OVERSEAS ACQUISITION NUMBER
Overseas acquisition number P-U-97930295; 07
040 ## - CATALOGING SOURCE
Original cataloging agency DLC
Transcribing agency DLC
042 ## - AUTHENTICATION CODE
Authentication code lcode
043 ## - GEOGRAPHIC AREA CODE
Geographic area code a-ii---
050 00 - LIBRARY OF CONGRESS CALL NUMBER
Classification number DS485.P87
Item number S26 1996
082 ## - DEWEY DECIMAL CLASSIFICATION NUMBER
Classification number 954.5
Author Mark LAH
100 2# - MAIN ENTRY--PERSONAL NAME
Personal name Sarvar Lāhaurī, G̲h̲ulām,
Dates associated with a name 1837-1890.
9 (RLIN) 4504
245 10 - TITLE STATEMENT
Title Tarīk̲h̲-i mak̲h̲zan-i Panjāb /
Statement of responsibility, etc. Muftī G̲h̲ulām Sarvar Quraishī Lāhaurī; muqaddamah Abdur Rahmán.
260 ## - PUBLICATION, DISTRIBUTION, ETC.
Place of publication, distribution, etc. Lāhore :
Name of publisher, distributor, etc. Dost Aisosīeṭs,
Date of publication, distribution, etc. 1996.
300 ## - PHYSICAL DESCRIPTION
Extent 26, [3], 592 p. ;
Dimensions 25 cm.
520 ## - SUMMARY, ETC.
Summary, etc. Cultural, archaeological and geographical history of Punjab from 10th cent. to 19th cent.
546 ## - LANGUAGE NOTE
Language note In Urdu.
651 #0 - SUBJECT ADDED ENTRY--GEOGRAPHIC NAME
Geographic name Punjab (India)
General subdivision History.
9 (RLIN) 3789
880 ## - ALTERNATE GRAPHIC REPRESENTATION
Linkage 100-01\(3\r
Title غلام سرور قریشی لاہوری
880 ## - ALTERNATE GRAPHIC REPRESENTATION
Linkage 245-02\(3\r
Title تاریخ مخزن پنجاب
c غلام سرور قریشی لاہوری، مقدمہ : عبدالرحمٰن
880 ## - ALTERNATE GRAPHIC REPRESENTATION
Linkage 260-03\(3\r
Title لاہور:
b امن پبلی کیشنز،
c 2010
906 ## - LOCAL DATA ELEMENT F, LDF (RLIN)
a 7
b cbc
c origode
d 3
e ncip
f 19
g y-gencatlg
942 ## - ADDED ENTRY ELEMENTS (KOHA)
Source of classification or shelving scheme
Koha item type Book
Holdings
Withdrawn status Lost status Source of classification or shelving scheme Damaged status Not for loan Permanent Location Current Location Shelving location Date acquired Total Checkouts Full call number Barcode Date last seen Copy number Price effective from Koha item type
          Central Library (CL) Central Library (CL) Book Cart 08/30/2017   954.914 QUR CL2858 08/30/2017 1 08/30/2017 Book
© 2023 Central Library, National University of Sciences and Technology. All Rights Reserved.